000 00748nam a2200253Ia 4500
003 OSt
005 20220928101705.0
006 a|||||r|||| 00| 0
007 ta
008 220927b |||||||| |||| 00| 0 hin d
020 _c150
024 _a110716
037 _b1340, 10/12/2010, Kiran Book Service
_cTextual
040 _aSDCL
_cSDCL
_bhin
041 _2hin
_ahin
082 _a4xM94w, Q0
100 _aNayyar Ramesh
_9393738
245 0 _aPatrakarita ke yug nirmata
_b Padumlal Punnala Bakshi.
260 _aNew Delhi
_bPrabhat Prakashan
_c2010
300 _a111p.
_ccm.
650 _aHindi
_9391598
942 _h4xM94w, Q0
_cTEXL
_2CC
999 _c709315
_d709315